| 000 | 00394nam a2200145Ia 4500 | ||
|---|---|---|---|
| 005 | 20250317033625.0 | ||
| 008 | 240331s9999 xx 000 0 und d | ||
| 082 |
_bKAI _a894 |
||
| 100 | _aKailasapathy, K | ||
| 245 | 0 |
_aThiranaaivup prachchanaikal : _bka. na. su.kuzhu patri oru aaivu |
|
| 260 |
_aChennai _bKumaran Puthaga Illam _c2002 |
||
| 300 | _aIv, 91 p ., | ||
| 650 | _aessays | ||
| 942 | _cL | ||
| 999 |
_c4014 _d4014 |
||